Statistics for Famous Kentuckians Quiz

Click here to take the quiz!

General Stats

  • This quiz has been taken 4,134 times
    (2,858 since last reset)
  • The average score is 11 of 19

Answer Stats

Clue Hometown Kentuckian % Correct
"Coal Miner's Daughter"Butcher HollerLoretta Lynn
90%
Starred as Danny Ocean in "Ocean's Eleven"LexingtonGeorge Clooney
90%
U.S. President during the Civil WarHodgenvilleAbraham Lincoln
89%
The "Louisville Lip". He floated like a butterfly, and stung like a bee.LouisvilleMuhammad Ali
87%
Founder of Kentucky Fried ChickenCorbinHarland Sanders
86%
"Achy Breaky Heart"FlatwoodsBilly Ray Cyrus
84%
Family that famously feuded with the Hatfields of West VirginiaPike CountyMcCoys
72%
Mother/daughter country duoAshlandThe Judds
60%
President of the ConfederacyFairviewJefferson Davis
57%
Led settlers into KentuckyBoonesboroughDaniel Boone
57%
"Monkey Trial" defendantPaducahJohn T. Scopes
49%
Started a society of bird loversLouisvilleJohn James Audubon
43%
Senate Majority LeaderLouisvilleMitch McConnell
40%
"Fear and Loathing in Las Vegas" authorLouisvilleHunter S. Thompson
39%
Female ABC news anchorLouisvilleDiane Sawyer
33%
Kentucky hoops coach, 1930-1972LexingtonAdolph Rupp
27%
"Ernest Goes to Jail"LexingtonJim Varney
24%
Director of "Halloween"Bowling GreenJohn Carpenter
23%
First Jewish Supreme Court justiceLouisvilleLouis Brandeis
18%

Score Distribution

Percentile by Number Answered

Percent of People with Each Score

Your Score History

You have not taken this quiz since the last reset